[Event "Zlin Region-chT 2324"]
[Site "Czech Republic"]
[Date "2024.03.03"]
[Round "9.7"]
[White "Simek, Viktor"]
[Black "Zacek, Svatoslav"]
[Result "1-0"]
[WhiteElo "1703"]
[BlackElo "1703"]
[PlyCount "103"]
[EventDate "2023.10.22"]
[EventType "team-tourn"]
[EventRounds "11"]
[EventCountry "CZE"]
[SourceTitle "EXT 2025"]
[Source "ChessBase"]
[SourceDate "2024.10.14"]
[SourceVersion "1"]
[SourceVersionDate "2024.10.14"]
[SourceQuality "1"]
[WhiteTeam "Zlin II"]
[BlackTeam "Holesov"]
[WhiteTeamCountry "CZE"]
[BlackTeamCountry "CZE"]

1. e4 e6 2. d4 d5 3. Nd2 c5 4. Ngf3 Nc6 5. Bb5 Qb6 6. Bxc6+ bxc6 7. c3 Ba6 8. Qb3 Ne7 9. e5 Ng6 10. Qxb6 axb6 11. Nf1 Ne7 12. Ng3 Ng6 13. Nh5 Bc4 14. a3 Rg8 15. Bh6 Kd7 16. Bg5 h6 17. Be3 cxd4 18. cxd4 c5 19. Kd2 Be7 20. Rac1 Kc6 21. Rc3 cxd4 22. Bxd4 Kd7 23. Ke3 b5 24. Rhc1 b4 25. axb4 Bxb4 26. R3c2 Rac8 27. Nd2 Ba6 28. Rxc8 Bxc8 29. Nf3 Ne7 30. Bb6 Nc6 31. Nd4 Nxe5 32. Rc7+ Kd8 33. Rc4+ Kd7 34. Rxb4 Nc4+ 35. Kf3 e5 36. Nf5 Nxb6 37. Rxb6 Kc7 38. Ne7 Kxb6 39. Nxg8 g6 40. Nhf6 Kc5 41. Nxh6 Be6 42. Nhg4 Kd4 43. Ke2 Bf5 44. Ne3 Be6 45. Kd2 Kc5 46. h4 d4 47. Nc2 Kd6 48. Ne4+ Kd5 49. Ng5 f5 50. Nxe6 Kxe6 51. Kd3 Kd5 52. Nxd4 1-0